[Event "46th POL-ch"]
[Site "Slupsk POL"]
[Date "1989.??.??"]
[Round "10"]
[White "Adamski, Jan"]
[Black "Siekanski, Janusz"]
[Result "1/2-1/2"]
[WhiteElo "2435"]
[BlackElo "2340"]
[EventDate "1989.02.25"]
[PlyCount "61"]

1.Nf3 Nf6 2.c4 c5 3.d4 cxd4 4.Nxd4 b6 5.Nc3 Bb7 6.f3 e6 7.e4 d6 8.Be3 Be7 
9.Be2 O-O 10.O-O a6 11.Qd2 Qc7 12.Rfc1 Nbd7 13.b4 Rac8 14.Rab1 Qb8 15.Nb3 
Bd8 16.a4 Bc7 17.h3 Rfe8 18.a5 d5 19.axb6 Bh2+ 20.Kf1 dxe4 21.fxe4 Nxe4 
22.Nxe4 Bxe4 23.Bd3 Bxd3+ 24.Qxd3 Nxb6 25.Nc5 Red8 26.Qe4 Qe5 27.Qxe5 Bxe5
28.Nxe6 fxe6 29.Bxb6 Rd2 30.Be3 Rf8+ 31.Kg1 1/2-1/2

[Event "46th POL-ch"]
[Site "Slupsk POL"]
[Date "1989.??.??"]
[Round "10"]
[White "Borkowski, Franciszek"]
[Black "Kuczynski, Robert"]
[Result "1-0"]
[WhiteElo "2420"]
[BlackElo "2450"]
[EventDate "1989.02.25"]
[PlyCount "67"]

1.e4 c5 2.Nf3 d6 3.d4 cxd4 4.Nxd4 Nf6 5.Nc3 a6 6.Be2 g6 7.Be3 Bg7 8.Qd2 
O-O 9.Bh6 Nc6 10.Bxg7 Kxg7 11.h4 h5 12.f3 Qb6 13.Nb3 a5 14.O-O-O Be6 15.f4
a4 16.Nd4 Nxd4 17.Qxd4 Qxd4 18.Rxd4 a3 19.b3 Rfc8 20.Kd2 Rc6 21.Bb5 Rc5 
22.Bd3 Ng4 23.Rf1 f5 24.Na4 b5 25.Nc3 Rac8 26.Nxb5 fxe4 27.Rxe4 Bf5 28.Rc4
Rxc4 29.bxc4 Be6 30.Re1 Kf6 31.Nxa3 Ra8 32.Nb5 Rxa2 33.c5 Bd7 34.Nc3 1-0

[Event "46th POL-ch"]
[Site "Slupsk POL"]
[Date "1989.??.??"]
[Round "10"]
[White "Hawelko, Marek"]
[Black "Schmidt, Wlodzimierz"]
[Result "1/2-1/2"]
[WhiteElo "2455"]
[BlackElo "2460"]
[EventDate "1989.02.25"]
[PlyCount "102"]

1.e4 e6 2.d4 d5 3.Nc3 Bb4 4.Ne2 dxe4 5.a3 Bxc3+ 6.Nxc3 Nc6 7.Be3 Nf6 8.Qd2
b6 9.O-O-O Bb7 10.Bg5 h6 11.Bxf6 Qxf6 12.Nxe4 Qe7 13.Qc3 O-O-O 14.Bb5 Nxd4
15.Rxd4 Bxe4 16.Ba6+ Bb7 17.Rxd8+ Rxd8 18.Bxb7+ Kxb7 19.Qxg7 Qh4 20.Qxf7 
Qg5+ 21.Kb1 Qxg2 22.Re1 Qxh2 23.Qf3+ Kb8 24.Rxe6 Qg1+ 25.Ka2 Qg8 26.Qb3 h5
27.f4 Qf8 28.Qf3 Qf5 29.Qe4 Qxe4 30.Rxe4 Kc8 31.Kb3 Kd7 32.Kc4 Rh8 33.Kd5 
c6+ 34.Kd4 h4 35.Re2 h3 36.Rh2 Ke6 37.Ke4 a5 38.a4 b5 39.b3 bxa4 40.bxa4 
Rh4 41.c3 c5 42.c4 Kf6 43.Kd5 Rh5+ 44.Kd6 Kf5 45.Kxc5 Kxf4+ 46.Kb6 Kg3 47.
Rh1 Kg2 48.Ra1 h2 49.c5 h1=Q 50.Rxh1 Rxh1 51.Kxa5 Rc1 1/2-1/2

[Event "46th POL-ch"]
[Site "Slupsk POL"]
[Date "1989.??.??"]
[Round "10"]
[White "Jasnikowski, Zbigniew"]
[Black "Stempin, Pawel"]
[Result "1/2-1/2"]
[WhiteElo "2430"]
[BlackElo "2395"]
[EventDate "1989.02.25"]
[PlyCount "23"]

1.d4 d5 2.c4 dxc4 3.Nf3 Nf6 4.e3 e6 5.Bxc4 c5 6.O-O a6 7.a4 Nc6 8.Qe2 cxd4
9.Rd1 Be7 10.Nxd4 Nxd4 11.exd4 Bd7 12.Nc3 1/2-1/2

[Event "46th POL-ch"]
[Site "Slupsk POL"]
[Date "1989.??.??"]
[Round "10"]
[White "Szymczak, Zbigniew"]
[Black "Matlak, Marek"]
[Result "1/2-1/2"]
[WhiteElo "2400"]
[BlackElo "2420"]
[EventDate "1989.02.25"]
[PlyCount "26"]

1.d4 d5 2.c4 e6 3.Nc3 c6 4.e3 f5 5.Bd3 Nf6 6.Nge2 Bd6 7.Qc2 O-O 8.cxd5 
cxd5 9.Nb5 Nc6 10.Nxd6 Nb4 11.Qb3 Nxd3+ 12.Qxd3 Qxd6 13.O-O Bd7 1/2-1/2

[Event "46th POL-ch"]
[Site "Slupsk POL"]
[Date "1989.??.??"]
[Round "10"]
[White "Woda, Jacek"]
[Black "Sapis, Witalis"]
[Result "1/2-1/2"]
[WhiteElo "2335"]
[BlackElo "2395"]
[EventDate "1989.02.25"]
[PlyCount "47"]

1.e4 c6 2.d4 d5 3.Nc3 dxe4 4.Nxe4 Nd7 5.Ng5 Ngf6 6.Bd3 e6 7.N1f3 Bd6 8.Qe2
h6 9.Ne4 Nxe4 10.Qxe4 Nf6 11.Qe2 b6 12.Bd2 Bb7 13.O-O-O Qc7 14.Rhe1 O-O-O 
15.Ba6 Rhe8 16.Ne5 Bxe5 17.dxe5 Nd5 18.Bxb7+ Qxb7 19.h4 c5 20.g4 Ne7 21.h5
Rd7 22.f4 Red8 23.Rf1 Nc6 24.Bc3 1/2-1/2

[Event "46th POL-ch"]
[Site "Slupsk POL"]
[Date "1989.??.??"]
[Round "11"]
[White "Cichocki, Adam"]
[Black "Szymczak, Zbigniew"]
[Result "1-0"]
[WhiteElo "2320"]
[BlackElo "2400"]
[EventDate "1989.02.25"]
[PlyCount "59"]

1.d4 Nf6 2.c4 g6 3.Nc3 Bg7 4.e4 d6 5.Nf3 O-O 6.Be2 e5 7.O-O Nbd7 8.Be3 c6 
9.Qc2 Qe7 10.Rad1 a5 11.a3 exd4 12.Bxd4 Re8 13.Rfe1 Ne5 14.Nxe5 dxe5 15.
Be3 Ng4 16.Bb6 h5 17.Na4 Bh6 18.h3 Qh4 19.Bf1 Bf4 20.g3 Bxg3 21.fxg3 Qxg3+
22.Bg2 Qh2+ 23.Kf1 Re6 24.Rd8+ Kh7 25.Re2 Rf6+ 26.Ke1 Qg3+ 27.Kd1 Nh2 28.
Rd3 Qh4 29.Bg1 Nf1 30.Bf2 1-0

[Event "46th POL-ch"]
[Site "Slupsk POL"]
[Date "1989.??.??"]
[Round "11"]
[White "Kuczynski, Robert"]
[Black "Zolnierowicz, Krzysztof"]
[Result "1/2-1/2"]
[WhiteElo "2450"]
[BlackElo "2405"]
[EventDate "1989.02.25"]
[PlyCount "63"]

1.e4 e5 2.Nf3 Nc6 3.Bc4 Bc5 4.d3 Nf6 5.O-O O-O 6.c3 d6 7.Nbd2 a6 8.a4 Ba7 
9.Bb3 Bg4 10.h3 Bh5 11.Re1 Nd7 12.Nf1 Nc5 13.Bc2 Ne6 14.Ng3 Bg6 15.Bb3 Kh8
16.a5 h6 17.Bc4 Qf6 18.Be3 Nf4 19.h4 Bxe3 20.fxe3 Nh5 21.Nh1 Qd8 22.Rf1 f5
23.exf5 Bxf5 24.Ng5 Bg6 25.Rxf8+ Qxf8 26.Ne6 Qe7 27.Qg4 Kh7 28.e4 Nf6 29.
Qh3 Re8 30.Ng3 Nd8 31.Nxd8 Rxd8 32.h5 1/2-1/2

[Event "46th POL-ch"]
[Site "Slupsk POL"]
[Date "1989.??.??"]
[Round "11"]
[White "Sapis, Witalis"]
[Black "Borkowski, Franciszek"]
[Result "1/2-1/2"]
[WhiteElo "2395"]
[BlackElo "2420"]
[EventDate "1989.02.25"]
[PlyCount "146"]

1.d4 Nf6 2.Nf3 g6 3.g3 Bg7 4.Bg2 O-O 5.O-O d6 6.c4 Nbd7 7.Nc3 e5 8.b3 Re8 
9.Qc2 c6 10.Rd1 Qa5 11.dxe5 dxe5 12.e4 Nf8 13.h3 Ne6 14.Rb1 Qc7 15.Be3 Bf8
16.b4 a5 17.a3 axb4 18.axb4 b6 19.b5 c5 20.Nd5 Nxd5 21.cxd5 Nd8 22.Nd2 Nb7
23.Nc4 Nd6 24.Nxd6 Bxd6 25.Ra1 Bd7 26.Bf1 f5 27.exf5 gxf5 28.Bd2 Rxa1 29.
Rxa1 Rf8 30.Bc3 c4 31.Qa4 e4 32.Qxc4 Qxc4 33.Bxc4 Rc8 34.Ra4 Bxb5 35.Bxb5 
Rxc3 36.Bd7 Bc5 37.Bxf5 Rxg3+ 38.Kf1 Rf3 39.Bxe4 Rxf2+ 40.Ke1 Rh2 41.Ra8+ 
Kg7 42.Ra7+ Kf6 43.Bxh7 Ke5 44.Bg8 b5 45.Rb7 b4 46.Be6 Ke4 47.Rb5 Kd4 48.
Kf1 Kc4 49.Rb7 Rf2+ 50.Ke1 Rf6 51.Rf7 Rg6 52.Rf4+ Bd4 53.Bf7 Rd6 54.Kd2 b3
55.h4 Kc5 56.Rf1 Be5 57.Kd3 b2 58.Kc2 Ra6 59.Re1 Bd4 60.Rb1 Rf6 61.Bg8 
Rf2+ 62.Kb3 Rf3+ 63.Kc2 Rc3+ 64.Kd2 Rg3 65.Be6 Kb4 66.h5 Bc3+ 67.Ke2 Rg5 
68.Kd3 Rg2 69.Ke4 Ka3 70.Kf3 Rd2 71.h6 Ka2 72.Bf5 Rxd5 73.Be6 Kxb1 1/2-1/2

[Event "46th POL-ch"]
[Site "Slupsk POL"]
[Date "1989.??.??"]
[Round "11"]
[White "Schmidt, Wlodzimierz"]
[Black "Jasnikowski, Zbigniew"]
[Result "1/2-1/2"]
[WhiteElo "2460"]
[BlackElo "2430"]
[EventDate "1989.02.25"]
[PlyCount "57"]

1.Nf3 Nf6 2.c4 g6 3.Nc3 d5 4.cxd5 Nxd5 5.Qa4+ Nc6 6.Ne5 Nb4 7.a3 Bg7 8.
axb4 Bxe5 9.b5 Nb8 10.e3 O-O 11.d4 Bg7 12.Be2 a6 13.O-O c6 14.bxc6 Nxc6 
15.Rd1 Rb8 16.d5 Ne5 17.e4 b5 18.Qb4 Qd6 19.Na2 Nc4 20.Bxc4 bxc4 21.Qxc4 
Bxb2 22.Bxb2 Rxb2 23.Qd4 Qb8 24.Nc3 Bg4 25.Rdc1 Rc8 26.h3 Rb4 27.Qe3 Bd7 
28.e5 Rb3 29.e6 1/2-1/2

[Event "46th POL-ch"]
[Site "Slupsk POL"]
[Date "1989.??.??"]
[Round "11"]
[White "Siekanski, Janusz"]
[Black "Hawelko, Marek"]
[Result "0-1"]
[WhiteElo "2340"]
[BlackElo "2455"]
[EventDate "1989.02.25"]
[PlyCount "70"]

1.Nf3 f5 2.d4 Nf6 3.g3 g6 4.Bg2 Bg7 5.c4 O-O 6.O-O d6 7.Nc3 Nc6 8.d5 Ne5 
9.Nxe5 dxe5 10.Qb3 h6 11.Rd1 Kh8 12.c5 g5 13.Bd2 e4 14.Be1 a6 15.Qa3 Qe8 
16.b4 Bd7 17.Qb3 Ng4 18.h3 Ne5 19.a4 Qh5 20.Rac1 f4 21.g4 Bxg4 22.hxg4 
Qxg4 23.Nxe4 f3 24.Ng3 fxg2 25.Qe3 Rf4 26.Kxg2 Raf8 27.Bc3 Rxf2+ 28.Qxf2 
Rxf2+ 29.Kxf2 Ng6 30.Bxg7+ Kxg7 31.d6 cxd6 32.cxd6 Qf4+ 33.Kg2 Nh4+ 34.Kh3
g4+ 35.Kxh4 Qg5# 0-1

[Event "46th POL-ch"]
[Site "Slupsk POL"]
[Date "1989.??.??"]
[Round "11"]
[White "Stempin, Pawel"]
[Black "Woda, Jacek"]
[Result "1/2-1/2"]
[WhiteElo "2395"]
[BlackElo "2335"]
[EventDate "1989.02.25"]
[PlyCount "81"]

1.Nf3 Nf6 2.c4 g6 3.g3 Bg7 4.Bg2 O-O 5.d4 d6 6.Nc3 Nc6 7.O-O a6 8.b3 e5 9.
Bb2 exd4 10.Nxd4 Bd7 11.Rc1 Re8 12.Re1 Nxd4 13.Qxd4 Ne4 14.Qd3 Bf5 15.Bxe4
Bxe4 16.Nxe4 Bxb2 17.Rcd1 Qe7 18.Nc3 Bxc3 19.Qxc3 Qe5 20.Rd4 Re7 21.Qd2 
Rae8 22.h4 Qh5 23.e3 Re4 24.Kg2 Kg7 25.Rd5 R4e5 26.Qb2 Kg8 27.Red1 Qf5 28.
R1d4 h5 29.Qd2 Qb1 30.Rd3 b6 31.R5d4 a5 32.a4 Qa1 33.Rc3 Qb1 34.Rdd3 Qa1 
35.Qc2 R8e7 36.Rd4 Qa3 37.Rd5 Qa1 38.Rb5 R7e6 39.Rd3 Re4 40.Rc3 R4e5 41.
Rd3 1/2-1/2

[Event "46th POL-ch"]
[Site "Slupsk POL"]
[Date "1989.??.??"]
[Round "11"]
[White "Sznapik, Aleksander"]
[Black "Adamski, Jan"]
[Result "1/2-1/2"]
[WhiteElo "2455"]
[BlackElo "2435"]
[EventDate "1989.02.25"]
[PlyCount "49"]

1.e4 c5 2.Nf3 d6 3.d4 cxd4 4.Nxd4 Nf6 5.Nc3 a6 6.Be2 e6 7.O-O Be7 8.f4 Qc7
9.Kh1 O-O 10.a4 b6 11.Bf3 Bb7 12.e5 dxe5 13.fxe5 Nfd7 14.Bxb7 Qxb7 15.Bf4 
Bc5 16.Rf3 Bxd4 17.Qxd4 Nc6 18.Qe3 Nc5 19.Raf1 f5 20.exf6 Rxf6 21.Ne4 Nxe4
22.Qxe4 Raf8 23.Bd6 Rxf3 24.Rxf3 Rxf3 25.Qxf3 1/2-1/2

[Event "46th POL-ch"]
[Site "Slupsk POL"]
[Date "1989.??.??"]
[Round "12"]
[White "Adamski, Jan"]
[Black "Matlak, Marek"]
[Result "0-1"]
[WhiteElo "2435"]
[BlackElo "2420"]
[EventDate "1989.02.25"]
[PlyCount "116"]

1.c4 e6 2.Nf3 d5 3.d4 c6 4.Qc2 Nf6 5.g3 dxc4 6.Qxc4 b5 7.Qc2 Bb7 8.Bg2 
Nbd7 9.Nc3 Qb6 10.a4 b4 11.a5 Qa6 12.Ne4 Nxe4 13.Qxe4 c5 14.Qh4 Be7 15.Bg5
Bxg5 16.Qxg5 O-O 17.Qe7 Qb5 18.dxc5 Rfe8 19.Qg5 h6 20.Qd2 Nxc5 21.Nd4 Qd7 
22.Bxb7 Qxb7 23.O-O Red8 24.Qe3 Rac8 25.Nb3 Qd5 26.Nxc5 Qxc5 27.Qxc5 Rxc5 
28.Rfc1 Rdc8 29.Rxc5 Rxc5 30.e3 Kf8 31.Ra4 Rb5 32.Kf1 Ke7 33.Ke2 Kd6 34.
Kd3 Kc5 35.h4 Rb7 36.a6 Rd7+ 37.Kc2 Kb5 38.Ra1 Rd6 39.Kb3 Rd2 40.Rc1 Rxf2 
41.Rc7 Kxa6 42.Kxb4 Rxb2+ 43.Ka4 Rf2 44.h5 Rf3 45.g4 Kb6 46.Re7 a6 47.Kb4 
Kc6 48.Kc4 Kd6 49.Ra7 Rxe3 50.Kd4 Rg3 51.Rxa6+ Ke7 52.Ke5 Rd3 53.Ra7+ Rd7 
54.Ra4 Rd5+ 55.Kf4 Kf6 56.Ra7 g6 57.hxg6 Kxg6 58.Ra8 h5 0-1

[Event "46th POL-ch"]
[Site "Slupsk POL"]
[Date "1989.??.??"]
[Round "12"]
[White "Borkowski, Franciszek"]
[Black "Stempin, Pawel"]
[Result "0-1"]
[WhiteElo "2420"]
[BlackElo "2395"]
[EventDate "1989.02.25"]
[PlyCount "88"]

1.e4 c5 2.Nf3 e6 3.b3 d6 4.Bb2 Nf6 5.e5 dxe5 6.Nxe5 Be7 7.Na3 O-O 8.Nac4 
Nd5 9.Ne3 f6 10.Nf3 Nc6 11.g3 Nc7 12.Bg2 b6 13.O-O Bb7 14.d3 Qd7 15.Nh4 
Rab8 16.f4 Nd4 17.Bxb7 Rxb7 18.f5 Bd6 19.Bxd4 cxd4 20.Qf3 Rbb8 21.fxe6 
Nxe6 22.Nef5 Bb4 23.Qg4 Rbd8 24.Nf3 Bc3 25.Rad1 Kh8 26.Rf2 Nc7 27.Rdf1 g6 
28.N3h4 gxf5 29.Rxf5 Qg7 30.Qf3 Bd2 31.Rh5 Be3+ 32.Kg2 Bg5 33.Nf5 Qd7 34.
h4 Bd2 35.Kh2 Bc3 36.Rf2 Nd5 37.Re2 Rfe8 38.Re4 Re5 39.Nh6 Rxh5 40.Qxh5 
Rf8 41.Rg4 Ne3 42.Rf4 Qb7 43.Rf3 Qg7 44.g4 Qxh6 0-1

[Event "46th POL-ch"]
[Site "Slupsk POL"]
[Date "1989.??.??"]
[Round "12"]
[White "Hawelko, Marek"]
[Black "Sznapik, Aleksander"]
[Result "1-0"]
[WhiteElo "2455"]
[BlackElo "2455"]
[EventDate "1989.02.25"]
[PlyCount "81"]

1.e4 g6 2.d4 Bg7 3.Nf3 d6 4.Be2 Nf6 5.Nc3 O-O 6.O-O a6 7.a4 b6 8.e5 Nfd7 
9.exd6 cxd6 10.d5 Nf6 11.Nd4 Bb7 12.Bf3 Nbd7 13.Bf4 Rc8 14.Nc6 Bxc6 15.
dxc6 Nb8 16.Qd3 Nxc6 17.Qxa6 Nd4 18.Bd1 Nd7 19.Qd3 Ne5 20.Qh3 Ne6 21.Bh6 
Nc4 22.Bxg7 Kxg7 23.b3 Nb2 24.Ra2 Nxd1 25.Rxd1 Rc5 26.Nd5 Qa8 27.c4 Qb7 
28.Re2 Re8 29.Qc3+ Kg8 30.Qb2 h5 31.Rde1 Rxd5 32.cxd5 Qxd5 33.Rd2 Qb7 34.
Qb1 Nc5 35.Rxd6 e5 36.b4 Nxa4 37.Qb3 b5 38.Rxg6+ Kh7 39.Rg5 Kh6 40.Qe3 Qb6
41.Qc1 1-0

[Event "46th POL-ch"]
[Site "Slupsk POL"]
[Date "1989.??.??"]
[Round "12"]
[White "Jasnikowski, Zbigniew"]
[Black "Woda, Jacek"]
[Result "1-0"]
[WhiteElo "2430"]
[BlackElo "2335"]
[EventDate "1989.02.25"]
[PlyCount "103"]

1.d4 Nf6 2.Nf3 e6 3.c4 c5 4.Nc3 cxd4 5.Nxd4 Nc6 6.g3 a6 7.Bg2 Be7 8.O-O 
O-O 9.Bf4 Nxd4 10.Qxd4 d6 11.Qd2 Qc7 12.Rac1 Rd8 13.Rfd1 Nh5 14.Be3 Bd7 
15.Qd4 Nf6 16.Qb6 Qxb6 17.Bxb6 Rf8 18.Bc7 Ne8 19.Bxd6 Bxd6 20.c5 Bxc5 21.
Rxd7 Nf6 22.Rxb7 Rac8 23.e3 Rfd8 24.Kf1 Ng4 25.Ke2 Ne5 26.Ne4 Bf8 27.Rbc7 
Rb8 28.R1c2 Nd3 29.Ra7 Nb4 30.Rcc7 Nxa2 31.Rxf7 Rxb2+ 32.Kf3 Nb4 33.Rfb7 
Rc2 34.Bh3 Rc6 35.Rc7 Rxc7 36.Bxe6+ Kh8 37.Rxc7 Ra8 38.Rc8 Rxc8 39.Bxc8 g6
40.g4 Kg7 41.Ke2 a5 42.Bd7 Nd5 43.g5 h6 44.h4 hxg5 45.hxg5 Kf7 46.Ba4 Ke6 
47.f4 Nb6 48.Be8 a4 49.Nc3 Bg7 50.Na2 Kf5 51.Kf3 a3 52.Bf7 1-0

[Event "46th POL-ch"]
[Site "Slupsk POL"]
[Date "1989.??.??"]
[Round "12"]
[White "Schmidt, Wlodzimierz"]
[Black "Siekanski, Janusz"]
[Result "0-1"]
[WhiteElo "2460"]
[BlackElo "2340"]
[EventDate "1989.02.25"]
[PlyCount "86"]

1.Nf3 Nf6 2.c4 c5 3.Nc3 b6 4.e3 e6 5.a3 Bb7 6.d4 cxd4 7.exd4 d5 8.cxd5 
Nxd5 9.Ne5 Nxc3 10.bxc3 a6 11.Rb1 Qc7 12.c4 Bd6 13.f4 O-O 14.Qg4 f5 15.Qg3
b5 16.cxb5 axb5 17.Bxb5 Be4 18.Bd3 Qc3+ 19.Ke2 Nc6 20.Nxc6 Qxc6 21.Kf2 
Bxa3 22.Rd1 Bxd3 23.Qxd3 Bxc1 24.Rbxc1 Ra2+ 25.Rd2 Qxc1 26.Rxa2 Qxf4+ 27.
Kg1 Rd8 28.Rd2 h6 29.g3 Qd6 30.Qe3 Kh7 31.Kf2 Qd5 32.Ke2 e5 33.Qxe5 Qxe5+ 
34.dxe5 Rxd2+ 35.Kxd2 Kg8 36.Ke3 Kf7 37.Kf4 Ke6 38.h4 g6 39.g4 fxg4 40.
Kxg4 Kxe5 41.Kf3 Kf5 42.Kg3 Ke4 43.Kg4 h5+ 0-1

[Event "46th POL-ch"]
[Site "Slupsk POL"]
[Date "1989.??.??"]
[Round "12"]
[White "Zolnierowicz, Krzysztof"]
[Black "Sapis, Witalis"]
[Result "1-0"]
[WhiteElo "2405"]
[BlackElo "2395"]
[EventDate "1989.02.25"]
[PlyCount "101"]

1.e4 c6 2.c4 e5 3.Nf3 d6 4.d4 Nd7 5.Nc3 Ngf6 6.Be2 Be7 7.O-O O-O 8.Qc2 a6 
9.Rd1 Qc7 10.b4 b6 11.a4 a5 12.b5 c5 13.dxe5 Nxe5 14.Nd2 Re8 15.Nf1 Bf8 
16.Ne3 Bb7 17.Bb2 Ng6 18.f3 Rad8 19.Ncd5 Nxd5 20.cxd5 Bc8 21.Rf1 Nf4 22.
Rae1 Nxe2+ 23.Rxe2 Rd7 24.Nc4 Qd8 25.f4 f6 26.Ref2 f5 27.exf5 Rf7 28.f6 
gxf6 29.Rf3 Rg7 30.f5 Bb7 31.Qd3 Rg4 32.Rg3 Rxg3 33.Qxg3+ Kh8 34.Rd1 Re4 
35.Qd3 Rg4 36.h3 Rg5 37.Re1 Bc8 38.Qe3 Rg8 39.Qe8 Bg7 40.Qxd8 Rxd8 41.g4 
Kg8 42.Nxb6 Kf7 43.Nc4 h5 44.Bc3 hxg4 45.Bxa5 Rd7 46.hxg4 Bb7 47.Bc3 Rd8 
48.Rd1 Bf8 49.a5 Rb8 50.a6 Bc8 51.a7 1-0

[Event "46th POL-ch"]
[Site "Slupsk POL"]
[Date "1989.??.??"]
[Round "13"]
[White "Cichocki, Adam"]
[Black "Adamski, Jan"]
[Result "1/2-1/2"]
[WhiteElo "2320"]
[BlackElo "2435"]
[EventDate "1989.02.25"]
[PlyCount "72"]

1.d4 Nf6 2.c4 e6 3.Nc3 Bb4 4.Qc2 O-O 5.a3 Bxc3+ 6.Qxc3 b6 7.Bg5 Bb7 8.f3 
c5 9.e4 d6 10.d5 Nbd7 11.Nh3 Re8 12.dxe6 fxe6 13.O-O-O Qc7 14.Qd2 d5 15.
cxd5 exd5 16.Bb5 Red8 17.Nf4 Qd6 18.Nxd5 Bxd5 19.exd5 Ne5 20.Rhe1 c4 21.
Kb1 a6 22.Bf4 axb5 23.Rxe5 Qd7 24.d6 Re8 25.Rde1 Rxe5 26.Rxe5 Re8 27.Qd4 
Re6 28.Re3 Rxe3 29.Bxe3 Qf5+ 30.Kc1 Nd7 31.Qh4 Qe6 32.Bxb6 Nxb6 33.Qd8+ 
Kf7 34.Qxb6 Qe1+ 35.Kc2 Qe2+ 36.Kc3 Qe1+ 1/2-1/2

[Event "46th POL-ch"]
[Site "Slupsk POL"]
[Date "1989.??.??"]
[Round "13"]
[White "Matlak, Marek"]
[Black "Hawelko, Marek"]
[Result "1/2-1/2"]
[WhiteElo "2420"]
[BlackElo "2455"]
[EventDate "1989.02.25"]
[PlyCount "56"]

1.d4 g6 2.e4 Bg7 3.c4 d6 4.Nc3 Nd7 5.Be2 e5 6.Nf3 Ngf6 7.O-O O-O 8.Re1 c6 
9.Bf1 Ng4 10.d5 c5 11.h3 Nh6 12.Rb1 f6 13.a3 Nf7 14.Bd3 Bh6 15.b4 Bxc1 16.
Qxc1 a5 17.bxa5 Rxa5 18.Rb3 Kg7 19.Kh2 Ng5 20.Qe3 Nxf3+ 21.Qxf3 Rf7 22.Qg3
Kh8 23.Qh4 Qf8 24.Nb5 Nb8 25.Re3 Bd7 26.Nc3 Ba4 27.Rb2 Be8 28.Rb3 Ba4 
1/2-1/2

[Event "46th POL-ch"]
[Site "Slupsk POL"]
[Date "1989.??.??"]
[Round "13"]
[White "Sapis, Witalis"]
[Black "Szymczak, Zbigniew"]
[Result "1-0"]
[WhiteElo "2395"]
[BlackElo "2400"]
[EventDate "1989.02.25"]
[PlyCount "61"]

1.d4 d5 2.Nf3 Nf6 3.Bf4 Bf5 4.c4 c6 5.Qb3 Qb6 6.c5 Qxb3 7.axb3 Nbd7 8.h3 
h6 9.b4 a6 10.Nbd2 g5 11.Bh2 g4 12.hxg4 Nxg4 13.Bg3 Bg7 14.Nb3 Ndf6 15.
Nfd2 Rd8 16.Bf4 Ne4 17.f3 Nxd2 18.Kxd2 Nf6 19.Na5 Rd7 20.e3 h5 21.Nxb7 
Rxb7 22.Bxa6 Rxb4 23.Kc3 Rb5 24.Bxb5 cxb5 25.Ra8+ Kd7 26.Ra7+ Kd8 27.Re1 
Bc8 28.Bc7+ Ke8 29.Bb6 Bf5 30.c6 Kf8 31.Ra8+ 1-0

[Event "46th POL-ch"]
[Site "Slupsk POL"]
[Date "1989.??.??"]
[Round "13"]
[White "Siekanski, Janusz"]
[Black "Jasnikowski, Zbigniew"]
[Result "0-1"]
[WhiteElo "2340"]
[BlackElo "2430"]
[EventDate "1989.02.25"]
[PlyCount "121"]

1.d4 Nf6 2.c4 g6 3.Nf3 Bg7 4.Nc3 d5 5.Qb3 dxc4 6.Qxc4 O-O 7.e4 Na6 8.Be2 
c5 9.d5 e6 10.O-O exd5 11.exd5 Bf5 12.Bf4 Re8 13.Rad1 Ne4 14.Nb5 g5 15.Bc1
h6 16.Bd3 Qb6 17.Rfe1 Nd6 18.Rxe8+ Rxe8 19.Nxd6 Bxd3 20.Rxd3 Qxd6 21.h4 
gxh4 22.Qxh4 Nb4 23.Bf4 Qf6 24.Qxf6 Bxf6 25.Rd2 Rd8 26.d6 c4 27.Be5 Kg7 
28.Rd4 Bxe5 29.Nxe5 b5 30.a3 f6 31.Nxc4 Nc6 32.Rg4+ Kf7 33.Ne3 Rxd6 34.Nf5
Rd1+ 35.Kh2 Rd2 36.Rg7+ Ke6 37.Nxh6 Rxf2 38.Rc7 Kd6 39.Rf7 Rxb2 40.Rxf6+ 
Kc5 41.Rf3 Ne5 42.Rf5 Kd4 43.Rf6 a5 44.Nf5+ Kc5 45.Kg3 Rb3+ 46.Kf4 Nd3+ 
47.Ke4 Nf2+ 48.Kf4 Rxa3 49.Rf8 b4 50.Rc8+ Kb6 51.Nd6 Nd3+ 52.Kf5 Rc3 53.g4
Rxc8 54.Nxc8+ Kc5 55.g5 b3 56.g6 b2 57.g7 b1=Q 58.g8=Q Nb4+ 59.Ke5 Qe1+ 
60.Kf5 Qb1+ 61.Ke5 0-1

[Event "46th POL-ch"]
[Site "Slupsk POL"]
[Date "1989.??.??"]
[Round "13"]
[White "Stempin, Pawel"]
[Black "Zolnierowicz, Krzysztof"]
[Result "1/2-1/2"]
[WhiteElo "2395"]
[BlackElo "2405"]
[EventDate "1989.02.25"]
[PlyCount "84"]

1.d4 d5 2.c4 e6 3.Nf3 c5 4.cxd5 exd5 5.Nc3 Nc6 6.g3 Nf6 7.Bg2 Be7 8.O-O 
O-O 9.Bg5 cxd4 10.Nxd4 h6 11.Be3 Re8 12.Qb3 Na5 13.Qc2 Bf8 14.Rad1 Bg4 15.
h3 Bh5 16.Nf5 Qc8 17.Nh4 Bc5 18.g4 Rxe3 19.fxe3 Bxe3+ 20.Kh1 Bxg4 21.Rxf6 
gxf6 22.Rxd5 Bxh3 23.Qe4 Nc4 24.b3 Bxg2+ 25.Kxg2 Nb6 26.Qxe3 Qg4+ 27.Qg3 
Qxg3+ 28.Kxg3 Nxd5 29.Nxd5 Kf8 30.Nf5 Rc8 31.Kf3 Rc2 32.a4 h5 33.Nd4 Rc1 
34.Nf4 h4 35.Kg4 Rh1 36.Nh3 Rd1 37.e3 Rd3 38.Kf3 Ke8 39.Nf4 Rd1 40.Nd5 Kd8
41.Nc3 Rd2 42.Nce2 h3 1/2-1/2

[Event "46th POL-ch"]
[Site "Slupsk POL"]
[Date "1989.??.??"]
[Round "13"]
[White "Sznapik, Aleksander"]
[Black "Schmidt, Wlodzimierz"]
[Result "0-1"]
[WhiteElo "2455"]
[BlackElo "2460"]
[EventDate "1989.02.25"]
[PlyCount "84"]

1.e4 e6 2.d4 d5 3.Nc3 Bb4 4.e5 c5 5.a3 Ba5 6.b4 cxd4 7.Nb5 Bc7 8.f4 Nh6 9.
Nf3 Nc6 10.Bb2 Bd7 11.Bd3 a6 12.Nxc7+ Qxc7 13.O-O Rc8 14.Kh1 Ne7 15.Nxd4 
Nhf5 16.Qe2 h5 17.Rae1 g6 18.Rf3 h4 19.Rh3 Qb6 20.Qf2 Bb5 21.Rf1 Bxd3 22.
Rxd3 Ng3+ 23.Rxg3 hxg3 24.Qxg3 Qc7 25.Qg5 Qc4 26.Kg1 Rxh2 27.Rd1 Rh7 28.
Bc1 Kd7 29.Be3 Rch8 30.Kf2 Nf5 31.Rd2 Rh1 32.Ne2 Nxe3 33.Kxe3 Qe4+ 34.Kf2 
R8h2 35.Qg3 Qc4 36.Qe3 Ke8 37.Rd3 Qxc2 38.Rc3 Qd1 39.Rc8+ Kd7 40.Qc5 Rxg2+
41.Kxg2 Qf1+ 42.Kg3 Qh3+ 0-1

[Event "46th POL-ch"]
[Site "Slupsk POL"]
[Date "1989.??.??"]
[Round "13"]
[White "Woda, Jacek"]
[Black "Borkowski, Franciszek"]
[Result "1-0"]
[WhiteElo "2335"]
[BlackElo "2420"]
[EventDate "1989.02.25"]
[PlyCount "115"]

1.e4 d6 2.d4 Nf6 3.Bd3 g6 4.c3 Bg7 5.f4 O-O 6.Nf3 c5 7.dxc5 dxc5 8.e5 Ng4 
9.Qe2 Nh6 10.Be3 Qc7 11.Nbd2 Nc6 12.Ne4 b6 13.O-O f6 14.Bc4+ Kh8 15.h3 Bb7
16.Rad1 Rad8 17.Ng3 Na5 18.Rxd8 Rxd8 19.Bb5 Nc6 20.Re1 Nf7 21.Bc4 Rf8 22.
Bc1 Na5 23.Bd3 Bxf3 24.Qxf3 fxe5 25.f5 Nd6 26.Qg4 Qd7 27.f6 Qxg4 28.fxg7+ 
Kxg7 29.hxg4 Nc6 30.Be4 Nxe4 31.Nxe4 Rd8 32.Kf2 h5 33.gxh5 gxh5 34.Ke2 Kg6
35.Rf1 c4 36.Nd2 b5 37.Nf3 b4 38.Nh4+ Kg7 39.Rf5 bxc3 40.bxc3 Rd3 41.Bd2 
Rd5 42.Rg5+ Kf7 43.Rxh5 Ra5 44.Rh6 Nd8 45.Rh7+ Ke6 46.g4 Rxa2 47.g5 Nf7 
48.Nf3 Nd6 49.g6 Ne4 50.Kd1 a5 51.Rh4 Nf6 52.Rxc4 Rb2 53.Rc8 Nh5 54.Rc5 
Kf6 55.Nxe5 Ng7 56.Bg5+ Ke6 57.Nc4 Rg2 58.Re5+ 1-0

[Event "46th POL-ch"]
[Site "Slupsk POL"]
[Date "1989.??.??"]
[Round "14"]
[White "Adamski, Jan"]
[Black "Kuczynski, Robert"]
[Result "1/2-1/2"]
[WhiteElo "2435"]
[BlackElo "2450"]
[EventDate "1989.02.25"]
[PlyCount "20"]

1.Nf3 d6 2.d4 Bg4 3.c4 Nd7 4.e4 e5 5.Be2 g6 6.Nc3 Bg7 7.Be3 Ne7 8.d5 O-O 
9.Nd2 Bxe2 10.Qxe2 c5 1/2-1/2

[Event "46th POL-ch"]
[Site "Slupsk POL"]
[Date "1989.??.??"]
[Round "14"]
[White "Jasnikowski, Zbigniew"]
[Black "Borkowski, Franciszek"]
[Result "0-1"]
[WhiteElo "2430"]
[BlackElo "2420"]
[EventDate "1989.02.25"]
[PlyCount "48"]

1.d4 d6 2.c4 e5 3.Nc3 exd4 4.Qxd4 Nc6 5.Qd1 Nf6 6.Nf3 g6 7.g3 Bg7 8.Bg2 
O-O 9.O-O Bf5 10.Nd5 Qd7 11.Be3 Ng4 12.Bd4 Nxd4 13.Nxd4 Be6 14.e3 Ne5 15.
Nxe6 fxe6 16.Nf4 c6 17.Bh3 Rae8 18.Qe2 Qf7 19.Rad1 d5 20.b3 g5 21.Nxe6 
Nf3+ 22.Kh1 Rxe6 23.Bxe6 Qxe6 24.Kg2 Qe4 0-1

[Event "46th POL-ch"]
[Site "Slupsk POL"]
[Date "1989.??.??"]
[Round "14"]
[White "Schmidt, Wlodzimierz"]
[Black "Matlak, Marek"]
[Result "1/2-1/2"]
[WhiteElo "2460"]
[BlackElo "2420"]
[EventDate "1989.02.25"]
[PlyCount "118"]

1.d4 d5 2.c4 e6 3.Nc3 c6 4.Nf3 Nf6 5.Bg5 Nbd7 6.e3 Qa5 7.Nd2 dxc4 8.Bxf6 
Nxf6 9.Nxc4 Qc7 10.Rc1 Bd7 11.a3 Be7 12.Be2 O-O 13.O-O Rfd8 14.b4 Rac8 15.
Qb3 Be8 16.Bf3 Bd6 17.g3 e5 18.dxe5 Bxe5 19.Rfd1 Qe7 20.Nxe5 Qxe5 21.Qc2 
Qe7 22.Rxd8 Rxd8 23.Rd1 Rxd1+ 24.Qxd1 c5 25.Qb3 b6 26.Nd5 Nxd5 27.Bxd5 
cxb4 28.axb4 a5 29.bxa5 bxa5 30.Qb8 Qf8 31.Qc7 a4 32.h4 a3 33.e4 Qb4 34.
Qd8 Kf8 35.Bc6 Qe7 36.Qa8 a2 37.Bd5 f5 38.Qxa2 fxe4 39.Qc4 Bg6 40.Qc8+ Qe8
41.Qc7 Bf7 42.Qf4 Kg8 43.Bxf7+ Qxf7 44.Qxe4 h5 45.Kg2 g6 46.g4 hxg4 47.Kg3
Kg7 48.Qd4+ Kh7 49.Kxg4 Qe6+ 50.Kg3 Qf5 51.Qa7+ Kh6 52.Qe7 Qd5 53.Qf6 Kh7 
54.Kf4 Qc5 55.Ke4 Qc4+ 56.Ke5 Qc3+ 57.Ke6 Qc6+ 58.Kf7 Qd5+ 59.Kf8 Qa8+ 
1/2-1/2

[Event "46th POL-ch"]
[Site "Slupsk POL"]
[Date "1989.??.??"]
[Round "14"]
[White "Siekanski, Janusz"]
[Black "Sznapik, Aleksander"]
[Result "0-1"]
[WhiteElo "2340"]
[BlackElo "2455"]
[EventDate "1989.02.25"]
[PlyCount "70"]

1.Nf3 Nf6 2.c4 g6 3.Nc3 Bg7 4.d4 d6 5.e4 O-O 6.Be2 e5 7.O-O Nc6 8.d5 Ne7 
9.Nd2 a5 10.Rb1 Nd7 11.a3 f5 12.b4 Kh8 13.Na4 axb4 14.axb4 Nf6 15.f3 Bh6 
16.Nc3 Be3+ 17.Kh1 f4 18.Nb3 Bxc1 19.Qxc1 g5 20.g4 fxg3 21.hxg3 Qd7 22.
Qxg5 Qh3+ 23.Kg1 Rf7 24.Qh4 Qxh4 25.gxh4 Bh3 26.Rf2 Ng6 27.Bf1 Nf4 28.Kh2 
Bd7 29.Ra1 Rg8 30.Nc1 N6h5 31.N3e2 Ng6 32.Nd3 Nxh4 33.f4 Nf6 34.Bh3 Nxe4 
35.Bxd7 Nxf2 0-1